Анализ опыта эксплуатации котлов типа ДКВР; Вестник науки Сибири; № 3 (13)

Dettagli Bibliografici
Parent link:Вестник науки Сибири: электронный научный журнал/ Томский политехнический университет (ТПУ).— , 2011-.— 2226-0064
№ 3 (13).— 2014.— С. 11-15
Autore principale: Тайлашева Т. С. Татьяна Сергеевна
Ente Autore: Национальный исследовательский Томский политехнический университет (ТПУ) Энергетический институт (ЭНИН) Кафедра парогенераторостроения и парогенераторных установок (ПГС и ПГУ)
Riassunto:Заглавие с титульного листа
Представлен аналитический обзор опыта эксплуатации промышленных и отопительных двухбарабанных паровых котлов отечественного производства, актуальность которого определяется, с одной стороны, распространенностью котлов данного типа в малой энергетике России и стран СНГ; с другой стороны, связанное с этим количество публикаций позволяет ставить задачу обобщающего анализа, имеющего целью выявить основные направления улучшения эксплуатационных показателей, что имеет большое значение для определения перспектив и уточнения условий использования. Основные причины снижения надежности работы котлов, подтверждаемые статистикой эксплуатационных инцидентов, состоят в сочетании специфики конструктивного исполнения испарительной системы, требующей уделить особое внимание водно-химическому режиму и качеству питательной и котловой воды, с неконтролируемыми и нередкими в практических условиях превышениями локальных тепловых нагрузок топочных экранов. Полученные выводы могут послужить основой как для выработки корректирующих мероприятий на всех стадиях жизненного цикла паровых котлов данного конструктивного ряда, так и для определения эффективных направлений научного обеспечения этих мероприятий.
Lingua:russo
Pubblicazione: 2014
Serie:Энергетика
Soggetti:
Accesso online:http://earchive.tpu.ru/handle/11683/16719
Natura: Elettronico Capitolo di libro
KOHA link:https://koha.lib.tpu.ru/cgi-bin/koha/opac-detail.pl?biblionumber=534475

MARC

LEADER 00000naa2a2200000 4500
001 534475
005 20231215122513.0
035 |a (RuTPU)RU\TPU\prd\222932 
035 |a RU\TPU\prd\222894 
090 |a 534475 
100 |a 20140929d2014 k y0rusy50 ca 
101 0 |a rus 
102 |a RU 
135 |a drcn ---uucaa 
181 0 |a i  
182 0 |a b 
200 1 |a Анализ опыта эксплуатации котлов типа ДКВР  |f Т. С. Тайлашева 
203 |a Текст  |c электронный 
215 |a 1 файл (522 Кб) 
225 1 |a Энергетика 
300 |a Заглавие с титульного листа 
320 |a [Библиогр.: с. 14-15 (25 назв.)] 
330 |a Представлен аналитический обзор опыта эксплуатации промышленных и отопительных двухбарабанных паровых котлов отечественного производства, актуальность которого определяется, с одной стороны, распространенностью котлов данного типа в малой энергетике России и стран СНГ; с другой стороны, связанное с этим количество публикаций позволяет ставить задачу обобщающего анализа, имеющего целью выявить основные направления улучшения эксплуатационных показателей, что имеет большое значение для определения перспектив и уточнения условий использования. Основные причины снижения надежности работы котлов, подтверждаемые статистикой эксплуатационных инцидентов, состоят в сочетании специфики конструктивного исполнения испарительной системы, требующей уделить особое внимание водно-химическому режиму и качеству питательной и котловой воды, с неконтролируемыми и нередкими в практических условиях превышениями локальных тепловых нагрузок топочных экранов. Полученные выводы могут послужить основой как для выработки корректирующих мероприятий на всех стадиях жизненного цикла паровых котлов данного конструктивного ряда, так и для определения эффективных направлений научного обеспечения этих мероприятий. 
337 |a Adobe Reader 
461 1 |0 (RuTPU)RU\TPU\prd\143680  |x 2226-0064  |t Вестник науки Сибири  |o электронный научный журнал  |f Томский политехнический университет (ТПУ)  |d 2011- 
463 1 |0 (RuTPU)RU\TPU\prd\222891  |t № 3 (13)  |v С. 11-15  |d 2014 
610 1 |a труды учёных ТПУ 
610 1 |a электронный ресурс 
610 1 |a паровые котлы 
610 1 |a топочные камеры 
610 1 |a энергетика 
610 1 |a электростанции 
610 1 |a водотрубные котлы 
700 1 |a Тайлашева  |b Т. С.  |c специалист в области теплотехники  |c доцент Томского политехнического университета, кандидат технических наук  |f 1975-  |g Татьяна Сергеевна  |3 (RuTPU)RU\TPU\pers\25688  |9 11599 
712 0 2 |a Национальный исследовательский Томский политехнический университет (ТПУ)  |b Энергетический институт (ЭНИН)  |b Кафедра парогенераторостроения и парогенераторных установок (ПГС и ПГУ)  |3 (RuTPU)RU\TPU\col\18681 
801 1 |a RU  |b 63413507  |c 20090623  |g PSBO 
801 2 |a RU  |b 63413507  |c 20180112  |g PSBO 
856 4 |u http://earchive.tpu.ru/handle/11683/16719 
942 |c BK